MORALISTAS MODERNOS/

TRADUCCION DE: NINE MODERN MORALISTS

Kaydedildi:
Detaylı Bibliyografya
Yazar: Ramsey, Paul (autor)
Materyal Türü: Kitap
Konular:
Etiketler: Etiketle
Etiket eklenmemiş, İlk siz ekleyin!

MARC

LEADER 00000nam^a2200000^a^4500
001 000218999
005 20250521000000.0
009 20260310103805.769
035 |a 001778 
037 |a Acervo Xavier Clavigero 
082 |a 241.  |b RAM 
100 |a Ramsey, Paul  |e (autor) 
245 1 0 |a MORALISTAS MODERNOS/  |c PAUL RAMSEY; TR. ANDRES M. MATEO 
264 |a México :  |b Herrero Hermanos Sucesores,  |c 1965 
300 |a 293p. 
336 |a texto  |b txt  |2 rdacontenido 
337 |a sin mediación  |b n  |2 rdamedio 
338 |a volumen  |b nc  |2 rdasoporte 
520 |a TRADUCCION DE: NINE MODERN MORALISTS 
649 |a XX 
650 |a Etica Cristiana 
650 |a Derecho Natural 
910 |a Fondo General 
920 |a Impresos - Libros 
930 |a Colección General 
905 |a 101 
901 |a 001778  |b IT1  |c ACC  |i 001778  |u 20250521 
901 |a 030576  |b IT1  |c ACC  |i 030576  |u 20250521 
902 |a https://opac.biblio.iteso.mx/vufind/Record/000218999